Economic Survey of Asia and the far East , 1967 ./ (Record no. 113512)

MARC details
000 -LEADER
fixed length control field 00412nam a22001457a 4500
003 - CONTROL NUMBER IDENTIFIER
control field BD-ChCU
005 - DATE AND TIME OF LATEST TRANSACTION
control field 20260622142630.0
040 ## - CATALOGING SOURCE
Transcribing agency BD-ChCU
082 ## - DEWEY DECIMAL CLASSIFICATION NUMBER
Classification number 330.95 UNE
100 ## - MAIN ENTRY--PERSONAL NAME
Personal name United Nations .
9 (RLIN) 24069
245 ## - TITLE STATEMENT
Title Economic Survey of Asia and the far East , 1967 ./
Statement of responsibility, etc. United Nations .
260 ## - PUBLICATION, DISTRIBUTION, ETC.
Place of publication, distribution, etc. Bankok ,
Name of publisher, distributor, etc. United Nations ,
Date of publication, distribution, etc. C 1968
650 #0 - SUBJECT ADDED ENTRY--TOPICAL TERM
Topical term or geographic name entry element Asia - Economic conditions .
9 (RLIN) 24071
942 ## - ADDED ENTRY ELEMENTS (KOHA)
Source of classification or shelving scheme Dewey Decimal Classification
Koha item type Books
Suppress in OPAC No
Holdings
Withdrawn status Lost status Source of classification or shelving scheme Damaged status Not for loan Home library Current library Shelving location Date acquired Source of acquisition Total Checkouts Full call number Barcode Date last seen Copy number Price effective from Koha item type Public note
    Dewey Decimal Classification     Chittagong University Library Chittagong University Library Business and Social Science Reading Room 22/06/2026 Purchase   330.95 UNE 47980 22/06/2026 C-1 22/06/2026 Books Lib. has. 1967.
    Dewey Decimal Classification     Chittagong University Library Chittagong University Library Business and Social Science Reading Room 22/06/2026 Purchase   330.95 UNE 23313 22/06/2026 C-2 22/06/2026 Books Lib. has. 1971
© Copyright 2026. Chittagong University Library, Installation and Maintenance by Prof. Dr. Md. Alamgir, 01711306253